| 000 | 00000nam 2200000za 4500 |
| 001 | 9.696303 |
| 003 | CaOODSP |
| 005 | 20221107134516 |
| 007 | cr ||||||||||| |
| 008 | 150407s1993 oncb o f000 0 eng d |
| 040 | |aCaOODSP|beng |
| 043 | |an-cn---|an-cn-nu |
| 086 | 1 |aR32-134/1993E-PDF |
| 245 | 00|aAgreement between the Inuit of the Nunavut Settlement Area and Her Majesty the Queen in right of Canada |h[electronic resource]. |
| 246 | 3 |aNunavut Land Claims Agreement |
| 260 | |a[Ottawa : |bIndian and Northern Affairs Canada : |bTungavik Federation of Nunavut, |c1993] |
| 300 | |a282 p. : |bmaps |
| 500 | |a"Signed in Iqaluit, Northwest Territories, on the 25 day of May, 1993"--p. 282. |
| 500 | |aIssued also in French under title: Accord entre les Inuit de la région du Nunavut et Sa Majesté la Reine du chef du Canada. |
| 590 | |a12-28-Supp|b2012-06-15 |
| 690 | 07|aIndigenous lands|2gcpds |
| 690 | 07|aAgreements|2gcpds |
| 690 | 07|aInuit|2gcpds |
| 690 | 07|aLand claims|2gcpds |
| 710 | 2 |aTungavik Federation of Nunavut. |
| 710 | 1 |aCanada. |bIndian and Northern Affairs Canada. |
| 775 | 08|tAccord entre les Inuit de la région du Nunavut et Sa Majesté la Reine du chef du Canada |w(CaOODSP)9.640423 |
| 776 | 0#|tThe agreement between the Inuit of the Nunavut Settlement Area and Her Majesty the Queen in right of Canada |w(CaOODSP)9.644783 |
| 794 | |tAgreement between the Inuit of the Nunavut Settlement Area and Her Majesty the Queen in right of Canada |w(CaOODSP)9.693596 |
| 856 | 40|ahttp://publications.gc.ca|qPDF|s1.30 MB|uhttps://publications.gc.ca/collections/Collection/R32-134-1993E.pdf |